000 00668nam a2200217 i 4500
001 115260
003 ES-MaACL
005 20251216172705.0
007 t|
008 070227s1911 sp ||||1| spa d
080 _a821.134.2-32"19"
100 0 _aNoel, Eugenio,
_d1885-1936
_985823
245 1 0 _aDon Oliverio XXIV de Bombón /
_cpor Eugenio Noel ; ilustraciones de N. Montero.
260 _aMadrid :
_bEl Cuento Semanal,
_c1911.
300 _a20 p. :
_bil. ;
_c26 cm.
490 1 _aEl cuento semanal ;
_v232
700 1 _aMontero,
_cilustrador
_982518
830 0 3 _aEl cuento semanal
_v232
_9185957
852 _aES-MaACL
_jG-4447(23)
999 _c115260
_d115260